| 000 | 00730nam a22002777a 4500 | ||
|---|---|---|---|
| 005 | 20240423161902.0 | ||
| 008 | 180424b xxu||||| |||| 00| 0 spa d | ||
| 020 | _a997744 | ||
| 041 | _aESP | ||
| 082 | _a711.4 S684n | ||
| 100 |
_aMora Salas, Minor _928410 |
||
| 100 |
_aSolano Castro, Franklin _946900 |
||
| 245 | _aNuevas tendencias del desarrollo en Costa Rica: el caso del área metropolitana | ||
| 260 | _aCosta Rica | ||
| 260 | _bAlma Mater | ||
| 260 | _c1994 | ||
| 300 | _a200 páginas | ||
| 650 | _aCOSTA RICA | ||
| 650 | _aURBANISMO | ||
| 650 | _aÁREA METROPOLITANA | ||
| 650 | _aPRECARISMO | ||
| 650 | _aSEGREGACIÓN URBANA | ||
| 650 | _aPOLÍTICAS DE VIVIENDA | ||
| 942 |
_cBK _2ddc |
||
| 999 |
_c10592 _d10592 |
||